[Event "Lichtenberger Sommer 2017"]
[Site "Berlin"]
[Date "2017.08.25"]
[Round "7.38"]
[White "Ritter, Uwe"]
[Black "Poseck, Steffen"]
[Result "0-1"]
[WhiteElo "1953"]
[BlackElo "2026"]
[PlyCount "67"]
[EventDate "2017.??.??"]
[WhiteTeam "Reideburger SV"]
[BlackTeam "BSV 63 Chemie Weißensee"]

1. f4 Nf6 2. Nf3 g6 3. e3 Bg7 4. d4 O-O 5. Bd3 d6 6. e4 c5 7. c3 Qc7 8. O-O
cxd4 9. Nxd4 Nc6 10. Nxc6 Qxc6 11. Qe1 b6 12. Be3 Nxe4 13. Nd2 Nxd2 14. Qxd2 f5
15. Bc2 Ba6 16. Rfe1 Rfe8 17. Bb3+ Bc4 18. Bxc4+ Qxc4 19. Bf2 Rad8 20. Bh4 Rd7
21. Qe2 Qxe2 22. Rxe2 e5 23. Rd1 e4 24. Bf2 d5 25. Bd4 b5 26. Bxg7 Kxg7 27. Kf2
Kf7 28. Ke3 Ke6 29. Red2 a5 30. Rc2 Rc8 31. b3 Rdc7 32. Kd4 b4 33. c4 dxc4 34.
bxc4 0-1

[Event "Lichtenberger Sommer 2017"]
[Site "Berlin"]
[Date "2017.08.25"]
[Round "7.39"]
[White "Teichert, Felix"]
[Black "Schmidt, David"]
[Result "1-0"]
[WhiteElo "1973"]
[BlackElo "1917"]
[PlyCount "103"]
[EventDate "2017.??.??"]
[WhiteTeam "Leegebrucher SF"]
[BlackTeam "Empor Potsdam"]

1. c4 c5 2. g3 g6 3. Bg2 Bg7 4. Nc3 Nc6 5. e3 d6 6. Nge2 e6 7. O-O Nge7 8. d4
cxd4 9. exd4 O-O 10. b3 a6 11. Bb2 Rb8 12. Qd2 b6 13. d5 exd5 14. Nxd5 Nxd5 15.
Bxg7 Kxg7 16. Qxd5 Ne7 17. Qd4+ Kg8 18. Nf4 Nf5 19. Qb2 Be6 20. Rad1 Qc7 21.
Rfe1 Rfe8 22. Re2 Re7 23. Rde1 Rbe8 24. Qf6 Qd7 25. g4 Nh6 26. h3 Kf8 27. Qh8+
Ng8 28. Qxh7 g5 29. Nxe6+ Rxe6 30. Qd3 Rxe2 31. Rxe2 Rxe2 32. Qxe2 Qe6 33. Qxe6
fxe6 34. Kh2 Ne7 35. Be4 d5 36. cxd5 exd5 37. Bg2 Kf7 38. Kg3 Kf6 39. f4 gxf4+
40. Kxf4 Ng6+ 41. Kg3 Ke5 42. h4 d4 43. h5 Nf4 44. h6 d3 45. h7 Ng6 46. Kf2 Kd4
47. Ke1 Kc3 48. Kd1 Kb2 49. Be4 Nh8 50. Bxd3 Kxa2 51. Kc2 a5 52. g5 1-0

[Event "Lichtenberger Sommer 2017"]
[Site "Berlin"]
[Date "2017.08.25"]
[Round "7.40"]
[White "Meyer-Dunker, Paul"]
[Black "Bartoszewski-Reiski, Olaf"]
[Result "1-0"]
[WhiteElo "1965"]
[BlackElo "1740"]
[PlyCount "59"]
[EventDate "2017.??.??"]
[WhiteTeam "SC Friesen Lichtenberg"]
[BlackTeam "Korona Gdansk"]

1. e4 c5 2. Nf3 Nc6 3. d4 cxd4 4. Nxd4 g6 5. c4 Bg7 6. Be3 Nf6 7. Nc3 O-O 8.
Be2 d6 9. O-O Bd7 10. Kh1 Ne5 11. f4 Neg4 12. Bg1 e5 13. Ndb5 exf4 14. Rxf4 Bh6
15. Rxg4 Nxg4 16. Bxg4 Bxg4 17. Qxg4 a6 18. Nd4 Bg7 19. Rd1 h5 20. Qf3 Rc8 21.
Qd3 Qc7 22. Nd5 Qd8 23. Nf3 Re8 24. Bb6 Qd7 25. Bd4 Qc6 26. Bxg7 Kxg7 27. Qd4+
Kh6 28. Qf6 Qc5 29. Ne7 Rxe7 30. Qxe7 1-0

[Event "Lichtenberger Sommer 2017"]
[Site "Berlin"]
[Date "2017.08.25"]
[Round "7.41"]
[White "Oelmann, Henry"]
[Black "Hüls, Maximilian"]
[Result "1-0"]
[WhiteElo "1992"]
[BlackElo "1767"]
[PlyCount "105"]
[EventDate "2017.??.??"]
[WhiteTeam "SC Oranienburg"]
[BlackTeam "SV Mattnetz Berlin"]

1. Nf3 d5 2. d4 Nc6 3. c4 Bg4 4. cxd5 Bxf3 5. gxf3 Qxd5 6. e3 e5 7. Nc3 Bb4 8.
Bd2 Bxc3 9. bxc3 exd4 10. cxd4 Nge7 11. Rc1 O-O 12. Bc4 Qf5 13. h3 Ng6 14. Kf1
Nh4 15. f4 Qe4 16. Rg1 Qf3 17. Rg3 Qh1+ 18. Ke2 Qe4 19. Bc3 Nf5 20. Rg4 Rad8
21. Qg1 Ncxd4+ 22. Kf1 Nxe3+ 23. fxe3 Qf3+ 24. Qf2 Qxh3+ 25. Rg2 Nf5 26. Re1
Rfe8 27. Be5 Nh4 28. Qxh4 Qxh4 29. Rxg7+ Kh8 30. Rg4+ Rxe5 31. Rxh4 Re7 32. Kf2
a6 33. Reh1 f6 34. Rh6 Rd6 35. f5 b5 36. Be6 c5 37. Rg6 Rg7 38. Rxf6 Rc7 39.
Rg1 Rd8 40. e4 c4 41. Bd5 Rdc8 42. Rxa6 c3 43. f6 c2 44. f7 Rxf7+ 45. Bxf7 c1=Q
46. Rxc1 Rxc1 47. Ke3 h5 48. Bxh5 b4 49. Bf7 Kg7 50. Bd5 Ra1 51. Rb6 Rb1 52.
Kd4 Kf8 53. Kc5 1-0

[Event "Lichtenberger Sommer 2017"]
[Site "Berlin"]
[Date "2017.08.25"]
[Round "7.42"]
[White "Thomas, Tobias"]
[Black "Deutschbein, Christopher"]
[Result "0-1"]
[WhiteElo "1877"]
[BlackElo "2019"]
[PlyCount "74"]
[EventDate "2017.??.??"]
[WhiteTeam "SK Langen"]
[BlackTeam "Eckernförder SC"]

1. e4 e5 2. Nf3 Nc6 3. d4 exd4 4. Nxd4 Nf6 5. Bb5 Bc5 6. Nb3 Bb6 7. Nc3 O-O 8.
Bg5 d6 9. Qd2 h6 10. Bh4 Nxe4 11. Nxe4 Qxh4 12. Ng3 Qb4 13. Bxc6 Qxd2+ 14. Kxd2
bxc6 15. f3 Re8 16. Rhe1 Bd7 17. c4 a6 18. Rad1 Rxe1 19. Rxe1 Re8 20. Rxe8+
Bxe8 21. Ne4 d5 22. c5 dxe4 23. cxb6 cxb6 24. fxe4 Kf8 25. Kc3 Ke7 26. a4 a5
27. Nd2 Kd6 28. Nc4+ Kc5 29. Ne3 Bd7 30. Nc4 Be6 31. Ne5 f6 32. Nd3+ Kd6 33. h3
Bf7 34. g3 Bg6 35. Kd4 c5+ 36. Ke3 Bf7 37. Nc1 c4 0-1

[Event "Lichtenberger Sommer 2017"]
[Site "Berlin"]
[Date "2017.08.25"]
[Round "7.43"]
[White "Shapiro, Yosip"]
[Black "Bender, Sebastian"]
[Result "1-0"]
[WhiteElo "2098"]
[BlackElo "1876"]
[PlyCount "51"]
[EventDate "2017.??.??"]
[WhiteTeam "SV Berolina Mitte"]
[BlackTeam "SC Zugzwang 95 (Berlin)"]

1. d4 Nf6 2. c4 g6 3. Nc3 Bg7 4. e4 d6 5. Be2 O-O 6. h3 e5 7. d5 Nbd7 8. Be3 a5
9. Nf3 Nh5 10. g3 f5 11. exf5 Rxf5 12. g4 Rxf3 13. Bxf3 Nf4 14. Qd2 Nc5 15.
Bxc5 dxc5 16. O-O-O a4 17. d6 Bh6 18. Kb1 cxd6 19. Qxd6 Qe8 20. Ne4 Kh8 21.
Qf6+ Bg7 22. Rd8 Bxf6 23. Rxe8+ Kg7 24. Nd6 Ra6 25. Nxc8 Kf7 26. Bxb7 1-0

[Event "Lichtenberger Sommer 2017"]
[Site "Berlin"]
[Date "2017.08.25"]
[Round "7.44"]
[White "Zesewitz, Martin"]
[Black "Gebert-Vangeel, Ralf"]
[Result "1-0"]
[WhiteElo "1875"]
[BlackElo "2060"]
[PlyCount "49"]
[EventDate "2017.??.??"]
[WhiteTeam "SF Friedrichshagen"]
[BlackTeam "TSV Mariendorf"]

1. f4 d5 2. Nf3 Bg4 3. e3 Nd7 4. Be2 Ngf6 5. O-O c6 6. b3 e6 7. Bb2 Bd6 8. Ne5
Bxe2 9. Qxe2 Qc7 10. Nxd7 Qxd7 11. d3 O-O-O 12. c4 h5 13. Nd2 Qe7 14. a4 h4 15.
a5 Rh7 16. a6 b6 17. Rac1 Kb8 18. Nf3 Nd7 19. cxd5 e5 20. dxc6 Nc5 21. Nxe5 f6
22. d4 Bxe5 23. dxc5 Bxb2 24. cxb6 Kc8 25. Qg4+ 1-0

[Event "Lichtenberger Sommer 2017"]
[Site "Berlin"]
[Date "2017.08.25"]
[Round "7.45"]
[White "Bergmann, Jens"]
[Black "Kievelitz, Bernd"]
[Result "1/2-1/2"]
[WhiteElo "1878"]
[BlackElo "1889"]
[PlyCount "56"]
[EventDate "2017.??.??"]
[WhiteTeam "SK Tempelhof 1931"]
[BlackTeam "SC Zitadelle Spandau"]

1. e4 c5 2. Nf3 e6 3. d4 cxd4 4. Nxd4 a6 5. g3 Nf6 6. Bg2 Qc7 7. O-O Be7 8. a4
O-O 9. Re1 d6 10. Be3 Bd7 11. h3 Nc6 12. Nxc6 Bxc6 13. Nc3 Nd7 14. a5 Rfe8 15.
Na4 Bxa4 16. Rxa4 b5 17. axb6 Nxb6 18. Bxb6 Qxb6 19. b3 Rec8 20. Qd3 a5 21.
Rea1 Bf6 22. R1a2 Bc3 23. Rc4 Rxc4 24. Qxc4 Qc5 25. Qxc5 dxc5 26. Bf1 Rd8 27.
Bd3 Rd4 28. Ra4 Rxa4 1/2-1/2

[Event "Lichtenberger Sommer 2017"]
[Site "Berlin"]
[Date "2017.08.25"]
[Round "7.46"]
[White "Lieder, Günter"]
[Black "Lange, Cecilia"]
[Result "1-0"]
[WhiteElo "1840"]
[BlackElo "1886"]
[PlyCount "119"]
[EventDate "2017.??.??"]
[WhiteTeam "SK Turm Bad Hersfeld"]
[BlackTeam "TSG Oberschöneweide"]

1. c4 c5 2. Nc3 Nc6 3. g3 b6 4. Bg2 Bb7 5. Nf3 Nf6 6. d3 e6 7. e4 d6 8. O-O Be7
9. a3 O-O 10. Rb1 d5 11. exd5 exd5 12. Bg5 dxc4 13. dxc4 h6 14. Bxf6 Bxf6 15.
Nd5 Qd6 16. Nd2 Bd4 17. Qc2 Rab8 18. Rbe1 Rfe8 19. Nf3 Ne7 20. Nxe7+ Rxe7 21.
Nxd4 cxd4 22. Rxe7 Qxe7 23. Bxb7 Rxb7 24. Qd3 Qe5 25. Rd1 Rd7 26. Kf1 g6 27.
Re1 Qc5 28. b4 Qd6 29. Kg1 Kg7 30. Re2 h5 31. h4 a5 32. b5 Qc5 33. Rd2 g5 34.
Re2 Rc7 35. Rc2 gxh4 36. gxh4 Qe5 37. Rd2 Rd7 38. Re2 Qf6 39. Qg3+ Qg6 40. Kf1
Qxg3 41. fxg3 Kf6 42. Re4 Kf5 43. Rf4+ Ke5 44. Ke1 f6 45. Ke2 d3+ 46. Kd2 Rd4
47. Rf3 Rxc4 48. Kxd3 Rc5 49. a4 Rd5+ 50. Kc3 Rd4 51. Rxf6 Rxa4 52. Rxb6 Ra3+
53. Kc4 Rxg3 54. Ra6 Rg4+ 55. Kc5 Rxh4 56. Rxa5 Rh1 57. Ra4 h4 58. b6 h3 59. b7
Rc1+ 60. Kb5 1-0

[Event "Lichtenberger Sommer 2017"]
[Site "Berlin"]
[Date "2017.08.25"]
[Round "7.47"]
[White "Döring, Martin"]
[Black "Oginski, Ulrich"]
[Result "1-0"]
[WhiteElo "1758"]
[BlackElo "1882"]
[PlyCount "31"]
[EventDate "2017.??.??"]
[WhiteTeam "SC Weisse Dame (Berlin)"]
[BlackTeam "SC Weisse Dame (Berlin)"]

1. e4 c6 2. d4 d5 3. Nc3 dxe4 4. f3 exf3 5. Nxf3 Bg4 6. Be3 Nf6 7. Bd3 Nbd7 8.
O-O e6 9. Qe1 Be7 10. Rd1 O-O 11. Qh4 Bxf3 12. Rxf3 Re8 13. Bg5 Nf8 14. Rdf1
Nd5 15. Rxf7 Bxg5 16. Rxf8+ 1-0

[Event "Lichtenberger Sommer 2017"]
[Site "Berlin"]
[Date "2017.08.25"]
[Round "7.48"]
[White "Schmidt, Jürgen"]
[Black "Krüger, Detlef"]
[Result "1/2-1/2"]
[WhiteElo "1952"]
[BlackElo "1816"]
[PlyCount "128"]
[EventDate "2017.??.??"]
[WhiteTeam "SC Kreuzberg"]
[BlackTeam "TSG Fredersdorf/Vogelsdorf"]

1. e4 d5 2. exd5 Nf6 3. d4 Nxd5 4. Nf3 Nc6 5. Be2 e6 6. O-O Be7 7. c4 Nf6 8.
Nc3 O-O 9. h3 Bb4 10. Qd3 Re8 11. Ne4 Nxe4 12. Qxe4 Be7 13. Rd1 Bf6 14. Ne5
Bxe5 15. dxe5 Qe7 16. Bf4 f5 17. exf6 Qxf6 18. Bd3 g6 19. Bxc7 e5 20. c5 Rf8
21. Bc4+ Kg7 22. Qe3 Re8 23. Bb5 a6 24. Bxc6 bxc6 25. Ba5 Ra7 26. Bc3 Rf7 27.
Rd6 Re6 28. Rxe6 Qxe6 29. Qxe5+ Qxe5 30. Bxe5+ Kg8 31. Rd1 Rd7 32. Bd6 Kf7 33.
Re1 Rb7 34. b3 Be6 35. f4 h5 36. Re4 Kf6 37. Ra4 Ra7 38. Kf2 Bf5 39. Kf3 Bd3
40. Rd4 Bb1 41. Rd2 Kf5 42. g4+ hxg4+ 43. hxg4+ Ke6 44. Rb2 Bd3 45. Ke3 Bb5 46.
a4 Bf1 47. f5+ gxf5 48. gxf5+ Kf6 49. Kf4 Rh7 50. Be5+ Kf7 51. Rf2 Rh1 52. Bb2
Bh3 53. Ke5 Rd1 54. Bd4 Rd3 55. b4 Rb3 56. b5 axb5 57. axb5 Rxb5 58. Kd6 Rb8
59. Kxc6 Rd8 60. Bb2 Bg4 61. Kc7 Rd5 62. f6 Rxc5+ 63. Kd6 Rc8 64. Rg2 Rg8
1/2-1/2

[Event "Lichtenberger Sommer 2017"]
[Site "Berlin"]
[Date "2017.08.25"]
[Round "7.49"]
[White "Lischeid, Kilian"]
[Black "Günther, Boris"]
[Result "1-0"]
[WhiteElo "1719"]
[BlackElo "1693"]
[PlyCount "53"]
[EventDate "2017.??.??"]
[WhiteTeam "SF Friedrichshagen"]
[BlackTeam "SF Friedrichshagen"]

1. c4 g6 2. d4 Bg7 3. Nc3 c5 4. d5 e5 5. e4 d6 6. Be2 Nd7 7. Be3 Ndf6 8. h4 h5
9. f3 a6 10. Qd2 Rb8 11. O-O-O Qa5 12. a4 Bd7 13. b3 b5 14. cxb5 axb5 15. Nxb5
Qxd2+ 16. Bxd2 Ke7 17. Kc2 Nh6 18. Bc4 Rhc8 19. Ne2 Ne8 20. Nec3 f5 21. Bg5+
Nf6 22. Na7 Rf8 23. Nc6+ Bxc6 24. dxc6 Rbc8 25. Nd5+ Ke8 26. Nxf6+ Bxf6 27.
Bxh6 1-0

[Event "Lichtenberger Sommer 2017"]
[Site "Berlin"]
[Date "2017.08.25"]
[Round "7.50"]
[White "Dreke, Frank"]
[Black "Woinowski, Michael"]
[Result "0-1"]
[WhiteElo "1958"]
[BlackElo "1761"]
[PlyCount "86"]
[EventDate "2017.??.??"]
[WhiteTeam "SV Mattnetz Berlin"]
[BlackTeam "SC Kreuzberg"]

1. e4 e5 2. Nf3 Nc6 3. d4 exd4 4. Nxd4 Nf6 5. Nxc6 bxc6 6. e5 Nd5 7. c4 Nb6 8.
Be2 Bb4+ 9. Bd2 Qe7 10. f4 Bc5 11. b3 O-O 12. Bf3 d5 13. Qe2 Bf5 14. Be3 d4 15.
Bf2 Bb4+ 16. Kf1 Rad8 17. g4 Bc8 18. a3 Bc5 19. Qd3 f6 20. b4 Ba6 21. Nd2 Qf7
22. bxc5 Nxc4 23. Ke2 Nxd2 24. Qxa6 Nxf3 25. Kxf3 Qb3+ 26. Kg2 Qd5+ 27. Kh3
Qf3+ 28. Bg3 h5 29. Qc4+ Kh8 30. gxh5 fxe5 31. Rhf1 Qxh5+ 32. Kg2 e4 33. Rae1
e3 34. Qd3 Qxc5 35. f5 Qd5+ 36. Kg1 c5 37. f6 Rxf6 38. Rxf6 gxf6 39. Rf1 c4 40.
Qg6 Qg5 41. Qe4 d3 42. Qe7 Rg8 43. Rxf6 d2 0-1

[Event "Lichtenberger Sommer 2017"]
[Site "Berlin"]
[Date "2017.08.25"]
[Round "7.51"]
[White "Kretzschmar, Jan"]
[Black "Nabel, Matthias"]
[Result "0-1"]
[WhiteElo "1819"]
[BlackElo "1940"]
[PlyCount "68"]
[EventDate "2017.??.??"]
[WhiteTeam "SC Kreuzberg"]
[BlackTeam "SV Motor Wildau"]

1. d4 e6 2. Nf3 f5 3. g3 Nf6 4. Bg2 d5 5. O-O Bd6 6. b3 Qe7 7. Bb2 O-O 8. e3
Nbd7 9. c4 c6 10. a3 b6 11. Re1 Bb7 12. cxd5 cxd5 13. Nc3 Rac8 14. Ne2 Rc7 15.
Qd3 Rfc8 16. Rec1 Ne4 17. Rxc7 Rxc7 18. Bf1 Ndf6 19. h3 g5 20. Ne5 Nh5 21. g4
Ng7 22. b4 h5 23. f3 Nf6 24. Bg2 hxg4 25. hxg4 fxg4 26. Nxg4 Nxg4 27. fxg4 Qf6
28. Rf1 Qh6 29. Rf3 Qh4 30. Bc3 Qxg4 31. Qg6 Ba6 32. b5 Bxb5 33. Bb4 Bxe2 34.
Bxd6 Bxf3 0-1

[Event "Lichtenberger Sommer 2017"]
[Site "Berlin"]
[Date "2017.08.25"]
[Round "7.52"]
[White "Jeß, Arne"]
[Black "Prix, Siegfried"]
[Result "1-0"]
[WhiteElo "1862"]
[BlackElo "1746"]
[PlyCount "111"]
[EventDate "2017.??.??"]
[WhiteTeam "TSG Fredersdorf/Vogelsdorf"]
[BlackTeam "SF 1903 Berlin"]

1. e4 e5 2. Nc3 Nf6 3. f4 d5 4. fxe5 Nxe4 5. Nf3 Bg4 6. Qe2 Nxc3 7. dxc3 Nc6 8.
Bf4 Qd7 9. O-O-O Qf5 10. Bg3 O-O-O 11. Qf2 Be7 12. Bd3 Qh5 13. Bb5 Qh6+ 14. Kb1
Kb8 15. h3 Bh5 16. Rhe1 Qe6 17. Bh2 b6 18. g4 Bg6 19. Qg3 Kb7 20. h4 Be4 21.
Nd2 h5 22. Nxe4 dxe4 23. g5 Rd5 24. Rxd5 Qxd5 25. Bxc6+ Kxc6 26. Qe3 Rd8 27. a3
Bc5 28. Qe2 e3 29. b4 Be7 30. Qxe3 a5 31. Bf4 g6 32. Qg1 Qf3 33. Qh1 Qxh1 34.
Rxh1 Kd5 35. Rf1 Ke6 36. Kb2 Rd5 37. Kb3 Bf8 38. Bg3 Bg7 39. c4 Rd4 40. Re1
axb4 41. axb4 Rd7 42. Re3 Rd1 43. Ka4 Rd4 44. Kb5 Bf8 45. c3 Rg4 46. c5 bxc5
47. bxc5 Kd7 48. Rd3+ Ke6 49. Bf2 Rf4 50. Rd2 Bg7 51. Re2 Rg4 52. Kc6 Rg2 53.
Kxc7 Bxe5+ 54. Kb7 f6 55. c6 Kd6 56. c7 1-0

[Event "Lichtenberger Sommer 2017"]
[Site "Berlin"]
[Date "2017.08.25"]
[Round "7.53"]
[White "Bandsom, Olaf"]
[Black "Wachtel, Arthur"]
[Result "0-1"]
[WhiteElo "1827"]
[BlackElo "1803"]
[PlyCount "90"]
[EventDate "2017.??.??"]
[WhiteTeam "SC Friesen Lichtenberg"]
[BlackTeam "SK Freising"]

1. e4 e6 2. d4 d5 3. Nc3 Nf6 4. exd5 exd5 5. Bd3 Bd6 6. Be3 c6 7. Qd2 Qc7 8.
Bg5 Qe7+ 9. Qe3 Qxe3+ 10. Bxe3 Ng4 11. h3 Nxe3 12. fxe3 O-O 13. Kd2 Nd7 14.
Nge2 f5 15. Raf1 g6 16. g4 fxg4 17. Rxf8+ Nxf8 18. hxg4 Bxg4 19. e4 dxe4 20.
Nxe4 Be7 21. Rf1 Nd7 22. Bc4+ Kh8 23. Rf7 Re8 24. N2c3 Bb4 25. Ng5 Re7 26. a3
Bxc3+ 27. Kxc3 Rxf7 28. Nxf7+ Kg7 29. Nd8 b5 30. Bf1 Bf3 31. Bh3 Nb6 32. Kb4 g5
33. Ne6+ Kf6 34. Nc5 g4 35. Bf1 g3 36. Nd3 g2 37. Bxg2 Bxg2 38. b3 h5 39. c4
bxc4 40. bxc4 Nd7 41. Nf4 Bf3 42. d5 cxd5 43. cxd5 Ke5 44. Nh3 Bxd5 45. Ka5 Bb7
0-1

[Event "Lichtenberger Sommer 2017"]
[Site "Berlin"]
[Date "2017.08.25"]
[Round "7.54"]
[White "Reck, Jessica"]
[Black "Grassi, Fabrizio"]
[Result "1/2-1/2"]
[WhiteElo "1730"]
[BlackElo "1868"]
[PlyCount "57"]
[EventDate "2017.??.??"]
[WhiteTeam "SK König Tegel"]
[BlackTeam "SV Berlin-Friedrichstadt"]

1. e4 d5 2. exd5 Nf6 3. Bb5+ Bd7 4. Bc4 b5 5. Bb3 a5 6. a3 Bg4 7. f3 Bc8 8. Nc3
Ba6 9. Nge2 g6 10. Nd4 Qd7 11. Ne4 Nxd5 12. Nc5 Qd6 13. Nxa6 Nxa6 14. Nxb5 Qe5+
15. Qe2 Qxe2+ 16. Kxe2 Nb6 17. d4 c6 18. Nc3 Bg7 19. Be3 O-O 20. Rad1 Nc7 21.
Bf4 Ncd5 22. Nxd5 cxd5 23. Rhe1 a4 24. Ba2 Rac8 25. c3 Nc4 26. Bxc4 Rxc4 27.
Kd3 e6 28. h4 h6 29. g4 1/2-1/2

[Event "Lichtenberger Sommer 2017"]
[Site "Berlin"]
[Date "2017.08.25"]
[Round "7.55"]
[White "Schulz, Toni"]
[Black "Völler, Lothar"]
[Result "1-0"]
[WhiteElo "1878"]
[BlackElo "1714"]
[PlyCount "127"]
[EventDate "2017.??.??"]
[WhiteTeam "ESV Lok Raw Cottbus"]
[BlackTeam "FS Dortmund"]

1. d4 f5 2. Bf4 Nf6 3. e3 e6 4. Nf3 Be7 5. Bd3 O-O 6. h3 b6 7. g4 Ne4 8. gxf5
exf5 9. Rg1 Bh4 10. Nxh4 Qxh4 11. Qe2 d6 12. Bxe4 fxe4 13. Qc4+ Rf7 14. Qd5 c6
15. Qxd6 Qe7 16. Nc3 Qxd6 17. Bxd6 Bxh3 18. Nxe4 Nd7 19. Ng5 Rf6 20. Be7 Rh6
21. Nxh3 Rxh3 22. Ke2 Re8 23. Bd6 Re6 24. Bg3 g6 25. c4 Nf6 26. Bb8 a6 27. Ba7
b5 28. cxb5 axb5 29. a4 bxa4 30. Rxa4 Rh5 31. Bc5 Re8 32. b4 Ne4 33. Ra6 Rc8
34. Rg4 Nf6 35. Rf4 Rf5 36. Rxf5 gxf5 37. b5 Nd5 38. Rxc6 Ra8 39. Ra6 Rb8 40.
b6 Rb7 41. Ra8+ Kf7 42. Ra7 Rxa7 43. bxa7 Nc7 44. Kf3 Ke6 45. Kf4 Kf6 46. e4
fxe4 47. Kxe4 h5 48. d5 h4 49. Bd6 Na8 50. Kf4 h3 51. Kg4 Kg6 52. Kxh3 Kf5 53.
Bb8 Nb6 54. d6 Ke6 55. Kg4 Kd7 56. f4 Kc8 57. f5 Kb7 58. f6 Nd7 59. Kf5 Nf8 60.
f7 Nd7 61. Ke6 Nf8+ 62. Ke7 Ng6+ 63. Ke8 Kc8 64. d7+ 1-0

[Event "Lichtenberger Sommer 2017"]
[Site "Berlin"]
[Date "2017.08.25"]
[Round "7.56"]
[White "Schröter, Maik"]
[Black "Schmalisch, Bastian"]
[Result "1-0"]
[WhiteElo "1876"]
[BlackElo "1600"]
[PlyCount "87"]
[EventDate "2017.??.??"]
[WhiteTeam "SG Stadtilm"]
[BlackTeam "vereinslos"]

1. e4 c6 2. d4 d5 3. Nc3 dxe4 4. Nxe4 Bf5 5. Ng3 Bg6 6. Nf3 e6 7. Bd3 Bxd3 8.
Qxd3 Nf6 9. O-O Bd6 10. Ne4 Be7 11. Bf4 Nxe4 12. Qxe4 Qd5 13. Qd3 Nd7 14. c4
Qa5 15. Rfe1 Nf6 16. a3 O-O 17. Ng5 h6 18. b4 Qd8 19. Ne4 Nxe4 20. Rxe4 Bg5 21.
Bg3 a5 22. Rae1 axb4 23. axb4 Ra4 24. Qb3 Qa8 25. b5 Bd2 26. Rd1 Ra3 27. Qc2
Ra2 28. Qd3 Bg5 29. Bd6 Rd8 30. Bc7 Ra3 31. Qf1 Rd7 32. b6 Qa4 33. f4 Bd8 34.
f5 Bxc7 35. fxe6 fxe6 36. bxc7 Rxc7 37. Rxe6 Rc3 38. Rde1 Qxc4 39. Re8+ Kh7 40.
Qf5+ g6 41. R1e7+ Rxe7 42. Rxe7+ Kh8 43. Qf6+ Kg8 44. Qg7# 1-0

[Event "Lichtenberger Sommer 2017"]
[Site "Berlin"]
[Date "2017.08.25"]
[Round "7.57"]
[White "Ros Gorne, Ramon"]
[Black "Küchler, Felix"]
[Result "1/2-1/2"]
[WhiteElo "1645"]
[BlackElo "1782"]
[PlyCount "97"]
[EventDate "2017.??.??"]
[WhiteTeam "Sant Boi de Llobregat"]
[BlackTeam "SF Friedrichshagen"]

1. e4 c5 2. Nc3 Nc6 3. g3 g6 4. Bg2 Bg7 5. d3 e6 6. Be3 d6 7. Qd2 Nge7 8. Nf3
O-O 9. Bh6 a6 10. O-O b5 11. Bxg7 Kxg7 12. a3 Rb8 13. Rfe1 Qc7 14. Ne2 e5 15.
c3 Na5 16. Qc2 Be6 17. b4 cxb4 18. axb4 Nac6 19. Qb2 a5 20. bxa5 Nxa5 21. Ra3
Nec6 22. Rea1 b4 23. cxb4 Rxb4 24. Qc3 Qb6 25. h4 Rc8 26. Nf4 Rb2 27. Nxe6+
fxe6 28. d4 Nxd4 29. Qe3 Rcc2 30. Qd3 Nac6 31. Nxd4 Nxd4 32. Ra7+ Rc7 33. R7a6
Qc5 34. R6a2 Rxa2 35. Rxa2 Qb4 36. Qd1 Qb6 37. Kh2 Qb3 38. Qa1 Nc2 39. Qb2 Qxb2
40. Rxb2 Ne1 41. Rb1 Nxg2 42. Kxg2 Rc4 43. f3 Rc2+ 44. Kh3 Rf2 45. Rb3 Kf6 46.
g4 h6 47. Kg3 Rd2 48. Rb8 d5 49. exd5 1/2-1/2

[Event "Lichtenberger Sommer 2017"]
[Site "Berlin"]
[Date "2017.08.25"]
[Round "7.58"]
[White "Stein, Siegfried"]
[Black "Miowitz, Torsten"]
[Result "0-1"]
[WhiteElo "1761"]
[BlackElo "1857"]
[PlyCount "88"]
[EventDate "2017.??.??"]
[WhiteTeam "SV Berolina Mitte"]
[BlackTeam "Lasker Steglitz-Wilmersdorf"]

1. e4 c6 2. Nc3 d5 3. Nf3 Bg4 4. h3 Bxf3 5. Qxf3 e6 6. d4 Ne7 7. Bd2 Nd7 8.
exd5 Nxd5 9. Ne4 N7f6 10. Bc4 Be7 11. O-O O-O 12. c3 b5 13. Bd3 Qc7 14. Rae1
Nxe4 15. Rxe4 g6 16. Rfe1 Rfe8 17. Bh6 Bf8 18. Rh4 Bxh6 19. Rxh6 Qf4 20. Qxf4
Nxf4 21. Be4 Nd5 22. g4 Rac8 23. g5 Nb6 24. b3 Nd5 25. c4 Ne7 26. Rh4 bxc4 27.
bxc4 Rb8 28. Re2 Red8 29. Bd3 Rb4 30. Rg4 Rdb8 31. Rg3 Rb2 32. Rge3 Rxe2 33.
Rxe2 Rd8 34. Rb2 Rxd4 35. Rb7 Rxd3 36. Rxe7 Rxh3 37. Rxa7 Rh4 38. a4 Rxc4 39.
a5 Rg4+ 40. Kf1 Rxg5 41. a6 Ra5 42. Ke2 h5 43. Kd3 h4 44. Kc4 h3 0-1

[Event "Lichtenberger Sommer 2017"]
[Site "Berlin"]
[Date "2017.08.25"]
[Round "7.59"]
[White "Nimptsch, Nikolas"]
[Black "Hajou, Mohamad"]
[Result "0-1"]
[WhiteElo "1379"]
[BlackElo "1789"]
[PlyCount "66"]
[EventDate "2017.??.??"]
[WhiteTeam "Leegebrucher SF"]
[BlackTeam "SC Kreuzberg"]

1. Nf3 Nf6 2. c4 e6 3. g3 b6 4. Bg2 Bb7 5. O-O Be7 6. Nc3 O-O 7. a3 d5 8. cxd5
Nxd5 9. Nxd5 Bxd5 10. d4 c5 11. dxc5 bxc5 12. Qc2 Nd7 13. Bf4 Qb6 14. Ne5 Nxe5
15. Bxe5 Bxg2 16. Kxg2 Rfd8 17. Rfd1 Rd5 18. Qc3 Qc6 19. Rxd5 exd5 20. f3 Qe6
21. Qe3 Bf6 22. f4 Bxe5 23. fxe5 d4 24. Qf3 Rd8 25. Rc1 Qxe5 26. Rf1 f6 27. Rc1
Re8 28. Kf1 Qg5 29. Rc4 Re5 30. Qa8+ Kf7 31. Qxa7+ Kg6 32. Rc2 Qe3 33. Ke1 d3
0-1

[Event "Lichtenberger Sommer 2017"]
[Site "Berlin"]
[Date "2017.08.25"]
[Round "7.60"]
[White "Regel, Michael"]
[Black "Große-Honebrink, Brigitte"]
[Result "1/2-1/2"]
[WhiteElo "1582"]
[BlackElo "1886"]
[PlyCount "91"]
[EventDate "2017.??.??"]
[WhiteTeam "SC Friesen Lichtenberg"]
[BlackTeam "SC Kreuzberg"]

1. e4 e6 2. d4 d5 3. Nc3 Nf6 4. e5 Nfd7 5. f4 c5 6. Nf3 Nc6 7. Be3 cxd4 8. Nxd4
Bb4 9. a3 Bxc3+ 10. bxc3 a6 11. c4 Nxd4 12. Qxd4 dxc4 13. Bxc4 b5 14. Bb3 Bb7
15. O-O Qc7 16. Rad1 Rd8 17. Qd6 Qxd6 18. Rxd6 Nb8 19. Rfd1 Nc6 20. Bb6 Rc8 21.
Rd7 Ba8 22. Bc7 O-O 23. R1d6 g6 24. a4 bxa4 25. Bxa4 Nb4 26. c4 Be4 27. Rb6 Nd3
28. Bc6 Nc5 29. Re7 Bd3 30. Bd6 Ne4 31. Bxe4 Bxe4 32. Ra7 Rfd8 33. c5 Bd3 34.
c6 Bb5 35. c7 Re8 36. Rab7 Kg7 37. Rb8 f6 38. Rxc8 Rxc8 39. Rb8 Bd7 40. Rxc8
Bxc8 41. g4 fxe5 42. fxe5 Kf7 43. Kf2 Ke8 44. h4 h5 45. g5 Kd7 46. Ke3 1/2-1/2

[Event "Lichtenberger Sommer 2017"]
[Site "Berlin"]
[Date "2017.08.25"]
[Round "7.61"]
[White "Matthes, Benjamin"]
[Black "Plaza Reino, Agustin"]
[Result "1-0"]
[WhiteElo "1879"]
[BlackElo "1963"]
[PlyCount "57"]
[EventDate "2017.??.??"]
[WhiteTeam "SC Oranienburg"]
[BlackTeam "Enniscorthy Chess Club"]

1. e4 c5 2. Nf3 e6 3. b4 cxb4 4. a3 bxa3 5. Bxa3 Bxa3 6. Rxa3 d6 7. d4 Nf6 8.
Bd3 Nc6 9. c3 O-O 10. O-O Qc7 11. Nbd2 Bd7 12. Qc2 Rac8 13. Rb1 h6 14. Qa2 d5
15. e5 Nh7 16. c4 dxc4 17. Nxc4 Rb8 18. Nd6 Rfd8 19. Bxh7+ Kxh7 20. Nxf7 Rf8
21. Qc2+ g6 22. Nh4 Rg8 23. Rh3 Be8 24. Ng5+ Kh8 25. Nxe6 Qf7 26. Qd2 h5 27.
Nf4 Qh7 28. Nd5 g5 29. Nf6 1-0

[Event "Lichtenberger Sommer 2017"]
[Site "Berlin"]
[Date "2017.08.25"]
[Round "7.62"]
[White "Silz, Elisa"]
[Black "Schauties, Nico Antonio"]
[Result "1-0"]
[WhiteElo "2023"]
[BlackElo "1690"]
[PlyCount "51"]
[EventDate "2017.??.??"]
[WhiteTeam "SV Empor Berlin"]
[BlackTeam "SV Mattnetz Berlin"]

1. d4 d5 2. c4 e6 3. Nc3 c6 4. e3 f5 5. Nf3 Nf6 6. g3 Bd6 7. Bg2 O-O 8. O-O
Nbd7 9. b3 Re8 10. Bb2 Nf8 11. Qc1 Qe7 12. a4 h6 13. Ba3 g5 14. Bxd6 Qxd6 15.
c5 Qc7 16. Ne5 N8d7 17. f4 g4 18. b4 b6 19. cxb6 Qxb6 20. b5 Bb7 21. a5 Qc7 22.
bxc6 Nxe5 23. cxb7 Nd3 24. bxa8=Q Nxc1 25. Qxe8+ Nxe8 26. Rfxc1 1-0